[Event "35th Pan-American U20"]
[Site "Cali COL"]
[Date "2010.05.20"]
[Round "1.1"]
[White "Barros, Raul Junior"]
[Black "Blit, Jacques"]
[Result "1/2-1/2"]
[WhiteElo "2072"]
[BlackElo "2398"]
[EventDate "2010.05.20"]
[PlyCount "72"]

1.e4 c5 2.Nf3 g6 3.d4 cxd4 4.Nxd4 Nc6 5.Nb3 Nf6 6.Nc3 Bg7 7.Be2 O-O 8.O-O 
a5 9.a4 d6 10.Be3 Nb4 11.f4 Qc7 12.Kh1 Bd7 13.Bf3 Bc6 14.Nd4 Nd7 15.Nce2 
Nb6 16.Nxc6 bxc6 17.c3 Na6 18.Qc2 Rab8 19.b3 Nd7 20.Rab1 Rb7 21.Nc1 Rfb8 
22.Nd3 c5 23.e5 Rb6 24.exd6 Rxd6 25.Nb2 Nb6 26.f5 Nd5 27.Bxd5 Rxd5 28.Bf4 
Be5 29.Qe4 Rbd8 30.c4 Bxf4 31.cxd5 Bxh2 32.fxg6 hxg6 33.Qf3 f6 34.Qd3 Kg7 
35.Rf3 Nb4 36.Qe4 Bg3 1/2-1/2

[Event "35th Pan-American U20"]
[Site "Cali COL"]
[Date "2010.05.20"]
[Round "1.2"]
[White "Fernandez, Fernando"]
[Black "Carlo, Daniel"]
[Result "1-0"]
[WhiteElo "2388"]
[BlackElo "2068"]
[EventDate "2010.05.20"]
[PlyCount "39"]

1.Nf3 d5 2.d4 c6 3.c4 Nf6 4.Nc3 e6 5.cxd5 cxd5 6.Bf4 a6 7.Rc1 Nc6 8.e3 Be7
9.Bd3 O-O 10.Bb1 Bd7 11.O-O b5 12.Ne5 Rc8 13.Qf3 Na5 14.Qh3 Nc4 15.Nxd5 
exd5 16.Nxd7 Re8 17.Nxf6+ Bxf6 18.Bxh7+ Kf8 19.Bf5 Ra8 20.b3 1-0

[Event "35th Pan-American U20"]
[Site "Cali COL"]
[Date "2010.05.20"]
[Round "1.3"]
[White "Chavarro, Jeffry"]
[Black "Macias Murillo, Bryan"]
[Result "0-1"]
[WhiteElo "2035"]
[BlackElo "2347"]
[EventDate "2010.05.20"]
[PlyCount "54"]

1.e4 c5 2.Nf3 e6 3.d4 cxd4 4.Nxd4 a6 5.Nc3 Qc7 6.g3 b5 7.Bg2 Bb7 8.O-O d6 
9.a3 Nd7 10.f4 Ngf6 11.Qe2 Rc8 12.f5 e5 13.Nb3 h5 14.h3 Be7 15.Be3 Nb6 16.
Na5 Ba8 17.Rad1 Na4 18.Nxa4 bxa4 19.Qxa6 O-O 20.b4 Nxe4 21.Kh2 Qc3 22.Rd3 
Qb2 23.Qxa8 Rxa8 24.Bxe4 Rac8 25.Nc6 Rxc6 26.Bxc6 Qxc2+ 27.Rd2 Qxc6 0-1

[Event "35th Pan-American U20"]
[Site "Cali COL"]
[Date "2010.05.20"]
[Round "1.4"]
[White "Rojas Alarcon, Julian Antonio"]
[Black "Guelgua, Alvaro"]
[Result "1-0"]
[WhiteElo "2323"]
[BlackElo "2022"]
[EventDate "2010.05.20"]
[PlyCount "47"]

1.e4 e6 2.d4 d5 3.Nc3 Bb4 4.e5 c5 5.a3 Bxc3+ 6.bxc3 Qa5 7.Bd2 Qa4 8.dxc5 
Nd7 9.Nf3 Qe4+ 10.Be3 Nxe5 11.Nxe5 Qxe5 12.Bb5+ Bd7 13.Bxd7+ Kxd7 14.O-O 
Ne7 15.Rb1 Kc8 16.Qg4 h5 17.Qa4 Qc7 18.Rfd1 e5 19.f4 e4 20.Bf2 Qxf4 21.c6 
bxc6 22.Qa6+ Kd7 23.Bc5 Rhb8 24.Rb7+ 1-0

[Event "35th Pan-American U20"]
[Site "Cali COL"]
[Date "2010.05.20"]
[Round "1.6"]
[White "Rios, Cristhian Camilo"]
[Black "Giron, David"]
[Result "1/2-1/2"]
[WhiteElo "2267"]
[BlackElo "1997"]
[EventDate "2010.05.20"]
[PlyCount "50"]

1.d4 Nf6 2.c4 e6 3.Nc3 Bb4 4.e3 c5 5.Ne2 O-O 6.a3 cxd4 7.exd4 Be7 8.Nf4 d5
9.cxd5 Nxd5 10.Ncxd5 exd5 11.Be2 Bg5 12.O-O Qd6 13.Ne6 Bxc1 14.Nxf8 Bh6 
15.Nxh7 Bf5 16.Qb3 Nc6 17.Qxb7 Rb8 18.Qa6 Rb6 19.Qa4 Kxh7 20.Rad1 Qg6 21.
b4 Bc2 22.Qxc2 Qxc2 23.Bd3+ Qxd3 24.Rxd3 a5 25.bxa5 Nxa5 1/2-1/2

[Event "35th Pan-American U20"]
[Site "Cali COL"]
[Date "2010.05.20"]
[Round "1.7"]
[White "Duque, Juan Camilo"]
[Black "Sanchez Maya, Simon"]
[Result "1/2-1/2"]
[WhiteElo "1974"]
[BlackElo "2189"]
[EventDate "2010.05.20"]
[PlyCount "86"]

1.e4 c5 2.Nf3 d6 3.d4 cxd4 4.Nxd4 Nf6 5.Nc3 a6 6.Be3 e6 7.g4 Qc7 8.g5 Nfd7
9.Bg2 Ne5 10.O-O Nbd7 11.Qe2 b5 12.Rad1 Bb7 13.f4 Nc4 14.Bc1 Rc8 15.b3 
Ncb6 16.Rd3 g6 17.Rf2 Bg7 18.Ndxb5 axb5 19.Nxb5 Qb8 20.Nxd6+ Kf8 21.f5 
exf5 22.Nxb7 Ne5 23.exf5 Nxd3 24.Ba3+ Kg8 25.Qxd3 Be5 26.Bc5 Bxh2+ 27.Kf1 
Qc7 28.Bxb6 Qxb6 29.Qd7 Qc7 30.Qxc7 Rxc7 31.Bd5 Bg3 32.Rf3 Bh2 33.c4 gxf5 
34.Rxf5 Re7 35.Kg2 Bc7 36.Nc5 Kg7 37.Ne4 Be5 38.Kf3 h5 39.gxh6+ Rxh6 40.a4
Rh3+ 41.Kg4 Rxb3 42.Bxf7 Rxf7 43.Rxe5 Rb4 1/2-1/2

[Event "35th Pan-American U20"]
[Site "Cali COL"]
[Date "2010.05.20"]
[Round "1.8"]
[White "Narvaez, Zamir"]
[Black "Dominguez, Oscar"]
[Result "1-0"]
[WhiteElo "2176"]
[BlackElo "1921"]
[EventDate "2010.05.20"]
[PlyCount "38"]

1.e4 e6 2.d4 d5 3.Nc3 Nf6 4.Bg5 Be7 5.e5 Nfd7 6.h4 O-O 7.Qg4 f5 8.Qg3 c5 
9.Nf3 cxd4 10.Nxd4 Nc5 11.Be2 Kh8 12.O-O-O Nc6 13.f4 Bd7 14.Qe3 Rc8 15.Kb1
a6 16.g4 Nxd4 17.Rxd4 Ne4 18.Nxe4 fxe4 19.c4 Bc6 1-0

[Event "35th Pan-American U20"]
[Site "Cali COL"]
[Date "2010.05.20"]
[Round "1.9"]
[White "Zuleta, Juan Esteban"]
[Black "Torres, Juan Camilo"]
[Result "0-1"]
[WhiteElo "1916"]
[BlackElo "2172"]
[EventDate "2010.05.20"]
[PlyCount "52"]

1.e4 c5 2.Nf3 e6 3.d4 cxd4 4.Nxd4 a6 5.c4 Nf6 6.Nc3 Qc7 7.a3 b6 8.Bd3 d6 
9.O-O Nbd7 10.f4 Be7 11.b4 b5 12.Qb3 Qb6 13.Ne2 e5 14.fxe5 dxe5 15.c5 Nxc5
16.bxc5 Bxc5 17.Bb2 Be6 18.Qc2 Rc8 19.Kh1 Bxd4 20.Bxd4 exd4 21.Qb2 O-O 22.
Nxd4 Rcd8 23.Nxe6 Qxe6 24.e5 Ng4 25.Bf5 Qxe5 26.Qb4 Qxh2# 0-1

[Event "35th Pan-American U20"]
[Site "Cali COL"]
[Date "2010.05.20"]
[Round "1.10"]
[White "Bassan, Remo"]
[Black "Mayorquin, Nicolas"]
[Result "1-0"]
[WhiteElo "2164"]
[BlackElo "1848"]
[EventDate "2010.05.20"]
[PlyCount "68"]

1.e4 c5 2.Nc3 e6 3.g3 Nc6 4.Bg2 d6 5.d3 Be7 6.Nge2 Nf6 7.O-O O-O 8.f4 a6 
9.h3 Re8 10.g4 Bf8 11.Ng3 Qc7 12.g5 Nd7 13.Nce2 b5 14.f5 exf5 15.Nxf5 Bb7 
16.Bf4 Nde5 17.Ne3 Nd4 18.Nc3 Ne6 19.Ncd5 Qd8 20.h4 Bxd5 21.Nxd5 Nxf4 22.
Rxf4 Ra7 23.Qh5 Ng6 24.Rf2 Qc8 25.Kh2 Qe6 26.Rf5 Ne7 27.Nf4 g6 28.Qf3 Qc8 
29.Rxf7 Kxf7 30.Bh3 Nf5 31.exf5 gxf5 32.Rg1 Qb7 33.Qh5+ Ke7 34.Re1+ Kd7 
1-0

[Event "35th Pan-American U20"]
[Site "Cali COL"]
[Date "2010.05.20"]
[Round "1.11"]
[White "Valencia, David Fernando"]
[Black "Saltos Velez, Adrian"]
[Result "0-1"]
[WhiteElo "1826"]
[BlackElo "2154"]
[EventDate "2010.05.20"]
[PlyCount "52"]

1.e4 c5 2.Nf3 Nc6 3.d4 cxd4 4.Nxd4 g6 5.c4 Bg7 6.Be3 Nf6 7.Nc3 O-O 8.Be2 
d6 9.O-O Bd7 10.f3 a5 11.b3 Nxd4 12.Bxd4 Bc6 13.Qd2 Nd7 14.Bxg7 Kxg7 15.
Rfd1 Nc5 16.Qe3 e5 17.Kh1 Qe7 18.Nd5 Bxd5 19.Rxd5 Ne6 20.Rad1 Rfd8 21.Bf1 
Nd4 22.Rc1 Rdc8 23.Qf2 Rc5 24.Qd2 Qc7 25.f4 f6 26.a3 Nxb3 0-1

[Event "35th Pan-American U20"]
[Site "Cali COL"]
[Date "2010.05.20"]
[Round "1.12"]
[White "Herrera, Juan Sebastian"]
[Black "Parra, Brayan"]
[Result "1-0"]
[WhiteElo "2122"]
[BlackElo "1807"]
[EventDate "2010.05.20"]
[PlyCount "83"]

1.e4 e5 2.Nf3 Nc6 3.Bc4 Bc5 4.c3 Nf6 5.d3 d6 6.Bb3 Bg4 7.h3 Be6 8.Bc2 Qd7 
9.Qe2 h6 10.Nbd2 Qe7 11.Nf1 O-O-O 12.b4 Bb6 13.a4 a5 14.b5 Nb8 15.Ba3 Bd7 
16.N1d2 g5 17.Nc4 g4 18.Nfxe5 gxh3 19.gxh3 Be6 20.Nxb6+ cxb6 21.Nf3 Qc7 
22.Bb2 Rhg8 23.Nd4 Nbd7 24.O-O-O Rg2 25.Nxe6 fxe6 26.Rdg1 Rdg8 27.Qf1 R2g5
28.f4 Rxg1 29.Rxg1 Qd8 30.Ba3 Nc5 31.Qf2 Kc7 32.e5 Rxg1+ 33.Qxg1 Nd5 34.d4
Nd7 35.Bxd6+ Kc8 36.Qg3 Nc7 37.f5 exf5 38.Bxf5 Qg5+ 39.Qxg5 hxg5 40.e6 Nf6
41.e7+ Kb8 42.Be5 1-0

[Event "35th Pan-American U20"]
[Site "Cali COL"]
[Date "2010.05.20"]
[Round "1.15"]
[White "Ospina, Juan Pablo"]
[Black "Ruiz C, Joshua D"]
[Result "0-1"]
[WhiteElo "1934"]
[BlackElo "2094"]
[EventDate "2010.05.20"]
[PlyCount "60"]

1.e4 c5 2.Nf3 d6 3.d4 cxd4 4.Nxd4 Nf6 5.Nc3 a6 6.a4 e5 7.Nf3 Be7 8.Bd3 h6 
9.O-O Be6 10.Qe2 O-O 11.Bc4 Qc8 12.Bxe6 Qxe6 13.Be3 d5 14.exd5 Nxd5 15.
Nxd5 Qxd5 16.Rad1 Qe6 17.Bd4 exd4 18.Qxe6 fxe6 19.Nxd4 Rf6 20.Rfe1 Bc5 21.
Nf3 Nc6 22.Rd7 b6 23.c3 a5 24.Re4 Rf7 25.Rxf7 Kxf7 26.Rf4+ Ke7 27.Nh4 Rd8 
28.Ng6+ Ke8 29.h3 Rd1+ 30.Kh2 Bd6 0-1

[Event "35th Pan-American U20"]
[Site "Cali COL"]
[Date "2010.05.21"]
[Round "2.1"]
[White "Bassan, Remo"]
[Black "Fernandez, Fernando"]
[Result "1/2-1/2"]
[WhiteElo "2164"]
[BlackElo "2388"]
[EventDate "2010.05.20"]
[PlyCount "47"]

1.e4 e5 2.Nc3 Nf6 3.f4 d5 4.fxe5 Nxe4 5.Nf3 Be7 6.d3 Nxc3 7.bxc3 O-O 8.d4 
c5 9.Bd3 c4 10.Be2 f5 11.g3 Na6 12.h4 Nc7 13.O-O Ne6 14.Ne1 b5 15.a3 a5 
16.Ng2 Rb8 17.Nf4 Nxf4 18.Bxf4 Be6 19.Qd2 Qd7 20.Bg5 Rb6 21.Kg2 Rfb8 22.
Bxe7 Qxe7 23.Rfb1 Qd8 24.Bf3 1/2-1/2

[Event "35th Pan-American U20"]
[Site "Cali COL"]
[Date "2010.05.21"]
[Round "2.2"]
[White "Macias Murillo, Bryan"]
[Black "Herrera, Juan Sebastian"]
[Result "1-0"]
[WhiteElo "2347"]
[BlackElo "2122"]
[EventDate "2010.05.20"]
[PlyCount "81"]

1.c4 e5 2.e3 Nf6 3.a3 Be7 4.d3 d5 5.cxd5 Nxd5 6.Nf3 Nc6 7.Be2 O-O 8.O-O 
Be6 9.Qc2 f5 10.Nc3 Kh8 11.Re1 Qe8 12.Na4 Rd8 13.b4 a6 14.Bb2 Bd6 15.Rac1 
Bc8 16.Nc5 Nde7 17.d4 e4 18.Ne5 Ng6 19.Nxb7 Ncxe5 20.dxe5 Bxb7 21.exd6 
cxd6 22.Qc7 Rf7 23.Qb6 Rfd7 24.Bxa6 Bxa6 25.Qxa6 Nh4 26.Red1 Qg6 27.Qf1 
Nf3+ 28.Kh1 Nh4 29.a4 Re7 30.b5 Ra8 31.Ra1 f4 32.exf4 Nf5 33.Bd4 d5 34.Bc5
Rd7 35.a5 d4 36.a6 e3 37.fxe3 Nxe3 38.Qf3 Rdd8 39.Rxd4 Rdb8 40.Qxe3 Rxb5 
41.Rad1 1-0

[Event "35th Pan-American U20"]
[Site "Cali COL"]
[Date "2010.05.21"]
[Round "2.3"]
[White "Saltos Velez, Adrian"]
[Black "Rojas Alarcon, Julian Antonio"]
[Result "1-0"]
[WhiteElo "2154"]
[BlackElo "2323"]
[EventDate "2010.05.20"]
[PlyCount "133"]

1.e4 e5 2.Nf3 Nc6 3.Bc4 Bc5 4.c3 Nf6 5.d3 d6 6.b4 Bb6 7.Bg5 Be6 8.Nbd2 Ne7
9.Qb3 Bxc4 10.Nxc4 Ng6 11.a4 c6 12.Nxb6 axb6 13.O-O h6 14.Be3 O-O 15.a5 b5
16.Rfe1 Qd7 17.Rad1 d5 18.exd5 Nxd5 19.c4 Nc7 20.Bb6 Rfe8 21.Qc3 Na6 22.d4
exd4 23.Bxd4 Rxe1+ 24.Rxe1 f6 25.cxb5 cxb5 26.Qc2 Nf4 27.Qe4 Nd5 28.Nh4 
Nac7 29.Bc5 Re8 30.Qb1 Rxe1+ 31.Qxe1 Na6 32.h3 Nxc5 33.bxc5 b4 34.Qd1 Qe6 
35.Nf3 Nc3 36.Qd8+ Kh7 37.Qd3+ Qe4 38.Ne1 f5 39.Qxe4 fxe4 40.Nc2 b3 41.Na3
Na4 42.c6 bxc6 43.Kf1 Kg6 44.Ke2 Kf5 45.a6 Ke6 46.Kd2 b2 47.Kc2 Kd5 48.a7 
Nb6 49.Kxb2 Kd4 50.Kc2 c5 51.Nb5+ Ke5 52.Nc7 e3 53.fxe3 Ke4 54.Kd2 g5 55.
a8=Q+ Nxa8 56.Nxa8 c4 57.Nb6 c3+ 58.Kxc3 Kxe3 59.Nd5+ Kf2 60.g4 Kg3 61.Kd3
Kxh3 62.Nf6 Kh4 63.Ke4 h5 64.gxh5 g4 65.h6 g3 66.h7 g2 67.Kf4 1-0

[Event "35th Pan-American U20"]
[Site "Cali COL"]
[Date "2010.05.21"]
[Round "2.4"]
[White "Arenas, David"]
[Black "Escobar Medina, Andres F"]
[Result "1-0"]
[WhiteElo "2313"]
[BlackElo "2113"]
[EventDate "2010.05.20"]
[PlyCount "117"]

1.e4 c5 2.Nf3 d6 3.d4 cxd4 4.Nxd4 Nf6 5.Nc3 a6 6.f4 Qc7 7.Bd3 g6 8.O-O Bg7
9.Kh1 O-O 10.Qe1 Nc6 11.Nf3 b5 12.Qh4 Bb7 13.f5 Ne5 14.Nxe5 dxe5 15.a3 e6 
16.Bg5 Qe7 17.Rae1 Rad8 18.Re2 exf5 19.exf5 Rd6 20.Be4 Rd4 21.Qe1 Qc7 22.
Bxf6 Bxf6 23.fxg6 fxg6 24.h3 Kg7 25.Rf3 Bxe4 26.Nxe4 Qd8 27.Kh2 Be7 28.c3 
Rd1 29.Qg3 Rxf3 30.Qxf3 Qf8 31.Qxf8+ Kxf8 32.Kg3 Kf7 33.Kf3 Ke6 34.Nf2 Rf1
35.Ke4 h5 36.Nd3 Bd6 37.Re1 Rf8 38.Re3 Rf1 39.Rg3 Rf6 40.Rf3 Rf5 41.Ne1 
Rg5 42.g3 Rf5 43.g4 hxg4 44.hxg4 Rf4+ 45.Rxf4 exf4 46.Nf3 Bc7 47.g5 Kd6 
48.Ne5 Ke6 49.Nxg6 f3 50.Kxf3 Kf5 51.Nf8 Bd6 52.Nd7 Kxg5 53.Ke4 a5 54.Kd5 
Be7 55.Kc6 b4 56.cxb4 axb4 57.a4 b3 58.a5 Ba3 59.a6 1-0

[Event "35th Pan-American U20"]
[Site "Cali COL"]
[Date "2010.05.21"]
[Round "2.5"]
[White "Ruiz C, Joshua D"]
[Black "Narvaez, Zamir"]
[Result "0-1"]
[WhiteElo "2094"]
[BlackElo "2176"]
[EventDate "2010.05.20"]
[PlyCount "48"]

1.e4 c5 2.Nf3 e6 3.d4 cxd4 4.Nxd4 Nc6 5.Nc3 Qc7 6.Nb3 a6 7.f4 b5 8.Qf3 Bb7
9.Bd3 Nf6 10.Bd2 Rc8 11.g4 b4 12.Ne2 d5 13.e5 Ne4 14.Be3 Na5 15.Bd4 Nc4 
16.Ng3 Nc5 17.Qf2 a5 18.O-O a4 19.Nc1 Ne4 20.Qg2 Bc5 21.Nge2 Qb6 22.c3 Ne3
23.Bxe3 Bxe3+ 24.Kh1 Nd2 0-1

[Event "35th Pan-American U20"]
[Site "Cali COL"]
[Date "2010.05.21"]
[Round "2.7"]
[White "Blit, Jacques"]
[Black "Duran Vega, Sergio"]
[Result "1-0"]
[WhiteElo "2398"]
[BlackElo "2082"]
[EventDate "2010.05.20"]
[PlyCount "89"]

1.e4 c5 2.Nf3 d6 3.d4 cxd4 4.Nxd4 Nf6 5.f3 g6 6.c4 Bg7 7.Nc3 Nc6 8.Be3 O-O
9.Qd2 Bd7 10.Nc2 a5 11.b3 Nb4 12.Nd4 Nc6 13.Rb1 Nxd4 14.Bxd4 Bc6 15.Be3 
Nd7 16.a3 Nc5 17.Be2 e6 18.Bd1 b6 19.O-O Re8 20.Bc2 Qc7 21.Bh6 Bxh6 22.
Qxh6 Qe7 23.f4 d5 24.exd5 exd5 25.Nxd5 Bxd5 26.cxd5 Qe3+ 27.Rf2 Rac8 28.
Qh4 Nb7 29.Qg3 Qc5 30.b4 axb4 31.axb4 Qxd5 32.Rd1 Qc6 33.f5 Qc3 34.Qxc3 
Rxc3 35.Ba4 Ra8 36.fxg6 hxg6 37.Bb5 Nd8 38.Rf6 Ne6 39.Rd7 Rc1+ 40.Bf1 Rf8 
41.Rb7 Rc6 42.b5 Rd6 43.Bc4 Rd1+ 44.Kf2 Ng5 45.Rxg6+ 1-0

[Event "35th Pan-American U20"]
[Site "Cali COL"]
[Date "2010.05.21"]
[Round "2.8"]
[White "Moran, Daniel Stiven"]
[Black "Rios, Cristhian Camilo"]
[Result "0-1"]
[WhiteElo "2117"]
[BlackElo "2267"]
[EventDate "2010.05.20"]
[PlyCount "74"]

1.d4 Nf6 2.c4 d6 3.Nc3 Nbd7 4.e4 e5 5.d5 Be7 6.Bd3 O-O 7.Nge2 Nh5 8.g4 Nf4
9.Nxf4 exf4 10.Bxf4 Bg5 11.Bg3 Qf6 12.h4 Bf4 13.g5 Qe5 14.Bxf4 Qxf4 15.Qd2
Ne5 16.Be2 Nf3+ 17.Bxf3 Qxf3 18.Rg1 f5 19.gxf6 Rxf6 20.Qe3 Bg4 21.Qxf3 
Bxf3 22.Kd2 Rf4 23.Rae1 Bh5 24.Nb5 Rxf2+ 25.Kc3 Rf3+ 26.Kd2 Raf8 27.Rg2 
Bg6 28.c5 R3f4 29.Rge2 c6 30.dxc6 bxc6 31.Nxd6 Bf7 32.Nf5 Re8 33.Nd4 Rxh4 
34.Nxc6 Rh6 35.Nd4 Rd8 36.Kc3 Ra6 37.a3 Ra4 0-1

[Event "35th Pan-American U20"]
[Site "Cali COL"]
[Date "2010.05.21"]
[Round "2.10"]
[White "Giron, David"]
[Black "Barros, Raul Junior"]
[Result "0-1"]
[WhiteElo "1997"]
[BlackElo "2072"]
[EventDate "2010.05.20"]
[PlyCount "112"]

1.e4 c5 2.Nf3 d6 3.d4 cxd4 4.Nxd4 Nf6 5.Nc3 e6 6.Be3 Nc6 7.Be2 Be7 8.O-O 
O-O 9.Nb3 a6 10.a4 b6 11.f4 Bb7 12.Bf3 Qc7 13.Qe1 Rab8 14.Qf2 Ba8 15.Qe2 
Qc8 16.Nd2 Rd8 17.Nc4 Nd7 18.Rfd1 Nc5 19.e5 d5 20.Nd6 Bxd6 21.exd6 Rxd6 
22.f5 d4 23.Bf4 e5 24.Bxe5 Nxe5 25.Qxe5 Bxf3 26.Qxd6 Bxd1 27.Nxd1 Ne4 28.
Qe5 Nf6 29.Qxd4 Qxc2 30.Ne3 Qe2 31.Nc4 Rc8 32.Na3 b5 33.axb5 axb5 34.Qf2 
Qd3 35.Qf1 Qd4+ 36.Qf2 Qd5 37.Qb6 Qe5 38.Rd1 h6 39.Qd4 Qxf5 40.Rf1 Qg5 41.
h4 Qg3 42.Qf4 Qb3 43.Qd4 Re8 44.Rf3 Re1+ 45.Kh2 Qe6 46.Nxb5 Re4 47.Rxf6 
gxf6 48.Qf2 Kh7 49.Nc3 Qe5+ 50.Kh3 Re1 51.g3 Qe6+ 52.Kg2 Qc6+ 53.Kh3 Rh1+ 
54.Kg4 Kg7 55.Qf5 Qg2 56.Qb5 Qh3+ 0-1

[Event "35th Pan-American U20"]
[Site "Cali COL"]
[Date "2010.05.21"]
[Round "2.11"]
[White "Carlo, Daniel"]
[Black "Duque, Juan Camilo"]
[Result "1-0"]
[WhiteElo "2068"]
[BlackElo "1974"]
[EventDate "2010.05.20"]
[PlyCount "107"]

1.e4 c6 2.d4 d5 3.exd5 cxd5 4.Bd3 Nf6 5.c3 Nc6 6.Bf4 e6 7.Nf3 Bd6 8.Bxd6 
Qxd6 9.O-O O-O 10.Re1 Nd7 11.Nbd2 e5 12.dxe5 Ncxe5 13.Nxe5 Nxe5 14.Bxh7+ 
Kxh7 15.Qh5+ Qh6 16.Rxe5 Be6 17.Qxh6+ gxh6 18.Nb3 Rad8 19.Nd4 Rd6 20.Rae1 
Bc8 21.Re7 a6 22.f4 Rf6 23.g3 Kg6 24.R1e5 Rd8 25.f5+ Kg7 26.g4 Rb6 27.b3 
Kf6 28.Kf2 Rg8 29.Re8 Rxg4 30.Rxd5 Rf4+ 31.Kg3 Rxf5 32.Nxf5 Bxf5 33.Kf4 
Be6 34.Rd2 Rc6 35.c4 b5 36.cxb5 axb5 37.Rh8 Kg7 38.Rb8 Rc5 39.Ke4 h5 40.
Kd4 Rg5 41.Kc3 h4 42.Kb4 h3 43.Rxb5 Rg4+ 44.Kc3 Kg6 45.Re5 Rg2 46.Re3 Kh5 
47.Rxg2 hxg2 48.Rg3 Bd5 49.Kd4 Bc6 50.Ke5 Kh4 51.a4 Kh5 52.Kf6 Kh4 53.a5 
Bb7 54.b4 1-0

[Event "35th Pan-American U20"]
[Site "Cali COL"]
[Date "2010.05.21"]
[Round "2.12"]
[White "Mayorquin, Nicolas"]
[Black "Chavarro, Jeffry"]
[Result "1-0"]
[WhiteElo "1848"]
[BlackElo "2035"]
[EventDate "2010.05.20"]
[PlyCount "63"]

1.e4 c5 2.Nf3 e6 3.d4 cxd4 4.Nxd4 a6 5.Nc3 Qc7 6.Be2 b5 7.a3 Bb7 8.O-O Nf6
9.f3 Be7 10.Be3 O-O 11.Kh1 d6 12.Qe1 d5 13.exd5 Nxd5 14.Nxd5 Bxd5 15.c3 
Nd7 16.Rd1 f5 17.Bd3 Bd6 18.Bg1 Rf6 19.Bc2 Ne5 20.Nxf5 Raf8 21.Nxd6 Nxf3 
22.Qg3 Qc6 23.Rxd5 exd5 24.Rxf3 Rxd6 25.Rxf8+ Kxf8 26.Bd4 Rd7 27.Bxh7 Re7 
28.Bg6 Rc7 29.Qf2+ Kg8 30.Qf5 Re7 31.Bh7+ Kh8 32.Qf8+ 1-0

[Event "35th Pan-American U20"]
[Site "Cali COL"]
[Date "2010.05.21"]
[Round "2.13"]
[White "Guelgua, Alvaro"]
[Black "Valencia, David Fernando"]
[Result "1-0"]
[WhiteElo "2022"]
[BlackElo "1826"]
[EventDate "2010.05.20"]
[PlyCount "53"]

1.e4 c5 2.Nf3 Nc6 3.d4 cxd4 4.Nxd4 g6 5.Nc3 Bg7 6.Be3 Nf6 7.Bc4 O-O 8.Bb3 
d6 9.h3 Bd7 10.O-O Qc8 11.f4 Nxd4 12.Bxd4 Bc6 13.Qd3 Nd7 14.f5 Bxd4+ 15.
Qxd4 Ne5 16.f6 Qd7 17.Rad1 Rfd8 18.Bd5 a6 19.Qe3 Qe8 20.Qg5 e6 21.Bb3 Rd7 
22.Rf4 Kh8 23.Rh4 b5 24.Rh6 a5 25.Rf1 a4 26.Rf4 Qf8 27.Rfh4 1-0

[Event "35th Pan-American U20"]
[Site "Cali COL"]
[Date "2010.05.21"]
[Round "2.14"]
[White "Parra, Brayan"]
[Black "Ceron, Edgar Ivan"]
[Result "0-1"]
[WhiteElo "1807"]
[BlackElo "2010"]
[EventDate "2010.05.20"]
[PlyCount "68"]

1.e4 e6 2.d4 d5 3.Nd2 Nf6 4.Bd3 c5 5.e5 Nfd7 6.c3 Nc6 7.Ne2 cxd4 8.cxd4 f6
9.exf6 Nxf6 10.O-O Bd6 11.Nf3 O-O 12.Bg5 Qc7 13.Qc2 h6 14.Bh4 Bd7 15.Bg6 
Be8 16.Rac1 Bxg6 17.Qxg6 Qf7 18.Qxf7+ Rxf7 19.Bg3 Ne4 20.Bxd6 Nxd6 21.Ng3 
Nb5 22.Ne2 g5 23.h3 Nd6 24.a3 Nc4 25.Rc2 Kg7 26.Re1 Raf8 27.Ng3 Re7 28.Kf1
Kg6 29.Ne5+ N6xe5 30.dxe5 Ref7 31.Rce2 h5 32.Kg1 Rf4 33.Rd1 h4 34.Nf1 R8f5
0-1

[Event "35th Pan-American U20"]
[Site "Cali COL"]
[Date "2010.05.21"]
[Round "2.15"]
[White "Dominguez, Oscar"]
[Black "Ospina, Juan Pablo"]
[Result "1-0"]
[WhiteElo "1921"]
[BlackElo "1934"]
[EventDate "2010.05.20"]
[PlyCount "57"]

1.e4 c5 2.Nf3 Nc6 3.d4 cxd4 4.Nxd4 g6 5.Nc3 Bg7 6.Be3 Nf6 7.Nxc6 bxc6 8.e5
Nd5 9.Nxd5 cxd5 10.Qxd5 Rb8 11.Bc4 O-O 12.O-O Bb7 13.Qd3 Bxe5 14.Bxa7 Rc8 
15.Bd4 Qc7 16.Bxe5 Qxe5 17.b3 d6 18.Qe3 Qf6 19.f4 d5 20.Bd3 d4 21.Qe5 Qc6 
22.Rf2 Qd7 23.f5 Ba8 24.Raf1 e6 25.fxg6 hxg6 26.Rf4 Qc6 27.Qg5 e5 28.Rf6 
Qd5 29.Rxg6+ 1-0

[Event "35th Pan-American U20"]
[Site "Cali COL"]
[Date "2010.05.21"]
[Round "3.1"]
[White "Narvaez, Zamir"]
[Black "Macias Murillo, Bryan"]
[Result "1/2-1/2"]
[WhiteElo "2176"]
[BlackElo "2347"]
[EventDate "2010.05.20"]
[PlyCount "64"]

1.e4 c5 2.Nf3 e6 3.d4 cxd4 4.Nxd4 Nc6 5.Nc3 Qc7 6.Be3 a6 7.Be2 Nf6 8.O-O 
Be7 9.f4 d6 10.Qe1 O-O 11.Qg3 Re8 12.Rae1 Bf8 13.Nxc6 bxc6 14.Bd4 Nd7 15.
f5 e5 16.Be3 Bb7 17.Bc4 Nb6 18.Bxb6 Qxb6+ 19.Kh1 Rad8 20.Rd1 Qc5 21.Qd3 a5
22.a3 Rd7 23.Na4 Qa7 24.Qb3 Rb8 25.Qb6 Ba8 26.Qxa7 Rxa7 27.Rd3 Be7 28.Rfd1
Kf8 29.Rh3 Kg8 30.Rg3 Rd7 31.Rb3 Rdd8 32.Nb6 Bb7 1/2-1/2

[Event "35th Pan-American U20"]
[Site "Cali COL"]
[Date "2010.05.21"]
[Round "3.2"]
[White "Torres, Juan Camilo"]
[Black "Arenas, David"]
[Result "0-1"]
[WhiteElo "2172"]
[BlackElo "2313"]
[EventDate "2010.05.20"]
[PlyCount "76"]

1.d4 Nf6 2.Nf3 g6 3.c4 Bg7 4.Nc3 O-O 5.g3 d6 6.Bg2 Nc6 7.O-O a6 8.h3 Rb8 
9.a4 Nd7 10.e4 Nb4 11.Be3 c5 12.Qd2 cxd4 13.Nxd4 Nc5 14.Rad1 e5 15.Nde2 
Nc6 16.Rfe1 Nd4 17.Bxd4 Nb3 18.Qc2 Nxd4 19.Nxd4 exd4 20.Ne2 f5 21.Nxd4 f4 
22.gxf4 Rxf4 23.Ne2 Rf7 24.c5 Qh4 25.Ng3 dxc5 26.Qxc5 Bxh3 27.b4 Rc8 28.
Qd5 Rf8 29.Rb1 Kh8 30.Rbd1 Rd7 31.Qxd7 Bxd7 32.Rxd7 b6 33.e5 Bxe5 34.Ne4 
Rc8 35.Nc5 Bh2+ 36.Kh1 Bg3+ 37.Kg1 Bxf2+ 38.Kf1 Bxc5 0-1

[Event "35th Pan-American U20"]
[Site "Cali COL"]
[Date "2010.05.21"]
[Round "3.3"]
[White "Fernandez, Fernando"]
[Black "Saltos Velez, Adrian"]
[Result "1/2-1/2"]
[WhiteElo "2388"]
[BlackElo "2154"]
[EventDate "2010.05.20"]
[PlyCount "96"]

1.Nf3 Nf6 2.c4 g6 3.Nc3 Bg7 4.d4 c5 5.g3 O-O 6.Bg2 cxd4 7.Nxd4 Nc6 8.O-O 
Qb6 9.Nc2 d6 10.b3 Be6 11.Nd5 Bxd5 12.cxd5 Ne5 13.Be3 Qa6 14.h3 Rac8 15.
Bd4 Ned7 16.e4 Nc5 17.Re1 Qd3 18.Qxd3 Nxd3 19.Re2 Nd7 20.Bxg7 Kxg7 21.Rd1 
N3c5 22.Nd4 a5 23.Rc2 a4 24.b4 Na6 25.Rxc8 Rxc8 26.a3 Rc3 27.Nb5 Rc2 28.
Rd3 Ne5 29.Rc3 Rxc3 30.Nxc3 Nc4 31.Nb1 Nc7 32.Bf1 Nb6 33.f4 f5 34.exf5 
gxf5 35.Nc3 Ncxd5 36.Nxd5 Nxd5 37.Bg2 e6 38.Bxd5 exd5 39.Kf2 h5 40.Ke3 Kf6
41.Kd4 Ke6 42.b5 b6 43.Kc3 Kf6 44.Kb4 Ke6 45.Kc3 Kf6 46.Kd4 Ke6 47.h4 Ke7 
48.Kxd5 Kd7 1/2-1/2

[Event "35th Pan-American U20"]
[Site "Cali COL"]
[Date "2010.05.21"]
[Round "3.4"]
[White "Rios, Cristhian Camilo"]
[Black "Blit, Jacques"]
[Result "1-0"]
[WhiteElo "2267"]
[BlackElo "2398"]
[EventDate "2010.05.20"]
[PlyCount "91"]

1.d4 g6 2.c4 f5 3.Nc3 Nf6 4.g3 Bg7 5.Bg2 O-O 6.Nf3 d6 7.O-O Qe8 8.Re1 Qf7 
9.Qd3 h6 10.h3 Nc6 11.d5 Ne5 12.Nxe5 dxe5 13.e4 f4 14.g4 Nxg4 15.hxg4 f3 
16.Qxf3 Qxf3 17.Bxf3 Rxf3 18.g5 hxg5 19.Bxg5 Bg4 20.Re3 Raf8 21.Rxf3 Rxf3 
22.Kg2 Rd3 23.Be3 a6 24.Na4 b6 25.b3 Bd7 26.Nb2 Rc3 27.Rc1 Rxc1 28.Bxc1 e6
29.Be3 exd5 30.cxd5 Kf7 31.Nc4 Bb5 32.a4 Bxc4 33.bxc4 Bf8 34.Kf3 Be7 35.
Ke2 Bd6 36.Kd3 Bc5 37.Bxc5 bxc5 38.Ke3 Kf6 39.Kf3 a5 40.Kg4 Kg7 41.Kg5 Kf7
42.f4 exf4 43.Kxf4 Kf6 44.e5+ Kg7 45.Kg5 Kf7 46.Kh6 1-0

[Event "35th Pan-American U20"]
[Site "Cali COL"]
[Date "2010.05.21"]
[Round "3.6"]
[White "Rojas Alarcon, Julian Antonio"]
[Black "Bassan, Remo"]
[Result "0-1"]
[WhiteElo "2323"]
[BlackElo "2164"]
[EventDate "2010.05.20"]
[PlyCount "82"]

1.e4 Nf6 2.e5 Nd5 3.d4 d6 4.Nf3 dxe5 5.Nxe5 g6 6.Bc4 c6 7.O-O Bg7 8.Re1 
Nd7 9.Nf3 O-O 10.c3 Re8 11.Bb3 a5 12.Bg5 h6 13.Bh4 N7f6 14.Nbd2 Bf5 15.Ne5
Rc8 16.Qf3 h5 17.h3 Bh6 18.Rad1 Bg7 19.g4 hxg4 20.hxg4 Be6 21.g5 Nh5 22.
Bg3 Nxg3 23.fxg3 Bxe5 24.Rxe5 Qd7 25.Rf1 f6 26.Ree1 fxg5 27.Ne4 Rf8 28.Qh1
Rxf1+ 29.Rxf1 Kg7 30.Nxg5 Rh8 31.Qe4 Bf5 32.Qe5+ Nf6 33.Re1 Kf8 34.Qxa5 
Rh5 35.Qa8+ Kg7 36.Nf3 Rh8 37.Qa3 Be4 38.Ng5 Rh1+ 39.Kf2 Qf5+ 40.Ke2 Rh2+ 
41.Kd1 Qg4+ 0-1